Brewing Fermentation Process and It’s Microbial Aspects. Beer fermentation process by Microbial Yeast.

Saved in:
Bibliografiske detaljer
Main Authors: Velmurugan, Karthikeyan (Author), Palingamoorthy, Gnanamoorthy (Author), Ayyaru, Gopalakrishnan (Author)
Format: Ukendt
Sprog:engelsk
Udgivet: Saarbrücken, Deutschland: LAP LAMBERT Academic Publishing, 2013.
Fag:
Tags: Tilføj Tag
Ingen Tags, Vær først til at tagge denne postø!

MARC

LEADER 00000 a2200000 4500
003 CL-VaPUC
005 20231205111657.0
008 231124t2013 ||||| |||| 00| 0 eng d
999 |c 442245  |d 442243 
020 |a 978-3-659-33683-6 
040 |c Pontificia Universidad Católica de Valparaíso 
082 |2 22  |a 663.42 VEL 2013 
100 |a Velmurugan, Karthikeyan   |9 885500  |e author 
245 |a Brewing Fermentation Process and It’s Microbial Aspects.  |b Beer fermentation process by Microbial Yeast. 
260 |a Saarbrücken, Deutschland:   |b LAP LAMBERT Academic Publishing,   |c 2013. 
300 |a 83 páginas. 
583 |k GC  |c 20231124 
650 0 |9 362345  |a Cerveza  |x Bebidas alcohólicas  |x Fermentación  
650 0 |9 354488  |a Fabricación de cervezas   |x Bebidas fermentadas   |x Cepas, microorganismos, etc. 
700 |9 886196  |a Palingamoorthy, Gnanamoorthy   |e author 
700 |9 886197  |a Ayyaru, Gopalakrishnan   |e author 
942 |2 ddc  |c BK 
952 |0 0  |1 0  |2 ddc  |4 0  |6 663_420000000000000_VEL_2013  |7 0  |8 A  |9 592631  |a BIBALI  |b BIBALI  |d 2023-11-23  |e 1  |g 60048.00  |i 5659621  |l 2  |m 1  |o 663.42 VEL 2013  |p 5659621  |r 2025-01-20  |s 2024-04-08  |t 1  |v 60048.00  |w 2023-11-23  |y BK  |k ALI